MARC

LEADER 00000nam0a2200000 4500
001 108238
005 20231031115553.0
010 |a 0080446426 
035 |a (RuTPU)RU\TPU\book\116835 
090 |a 108238 
100 |a 20070117d2005 k y0engy50 ba 
101 0 |a eng 
102 |a NL 
105 |a a z 001zy 
200 1 |a Biogeochemistry. Vol. 8: Treatise on Geochemistry  |f под ред. W. H. Schlesinger 
210 |a Amsterdam  |c Elsevier  |d 2005 
215 |a 702 p.  |c ил. 
320 |a Index: p. 683-702. 
610 1 |a геология 
610 1 |a геохимия 
610 1 |a геохимические работы 
610 1 |a биогеохимики 
610 1 |a биогеохимическая среда 
610 1 |a биогеохимическая эволюция 
610 1 |a биогеохимические исследования 
675 |a 550.47  |v 3 
702 1 |a Schlesinger  |b W. H.  |g William  |4 340 
801 1 |a RU  |b 63413507  |c 20070117  |g PSBO 
801 2 |a RU  |b 63413507  |c 20070403  |g PSBO 
942 |c BK 
959 |a 2/20070117  |d 1  |e 3012,47  |f ЧЗИЛ:1